| 000 | 00580nam a2200217 a 4500 | ||
|---|---|---|---|
| 001 | BRCA_6372 | ||
| 005 | 20190320205429.0 | ||
| 008 | 260811s1938----fr-ab#####---#000-0#fre-# | ||
| 041 | _afre | ||
| 044 | _afr | ||
| 050 | 4 |
_aDC801 _b.C42 M35 _c1938 |
|
| 100 | 1 |
_aMalo, Henri _d1868-1949 _915959 |
|
| 245 | 1 | 0 |
_aLe chateau de Chantilly _cpar Henri Malo. |
| 250 | _a15 | ||
| 260 |
_aParís _bCalmann-Leìvy _c1938 |
||
| 300 |
_a222 p. _bil., mapas, planos _c20 cm. |
||
| 500 | _aK170 | ||
| 651 | 4 |
_aChateau de Chantilly _zChantilly, Francia _915960 |
|
| 902 | _aGFM | ||
| 942 |
_2lcc _cB |
||
| 999 |
_c6058 _d6058 |
||